000 00363 a2200169 4500
001 184866
020 _a85-322-05216-8
040 _cMagnum
100 _aRocha, Ruth
240 1 0 _aComo se fosse dinheiro
_lpor
245 1 0 _aComo se fosse dinheiro
300 _a24
362 0 _a1995
440 1 _aFTD
697 _aLITERATURA INFANTO-JUVENIL
942 _cBK
999 _c184866
_d184866